000 00852nam a2200253Ia 4500
003 OSt
005 20220930202436.0
006 a|||||r|||| 00| 0
007 ta
008 220926b |||||||| |||| 00| 0 hin d
024 _a118120
037 _cDissertations
040 _aCRL
_cCRL
_bhin
041 _2hin
_ahin
100 _aYadav Anirudh Kumar
_9566919
110 _aUniversity of Delhi. Faculty of Arts. Department of Hindi
245 0 _aNai kavita ke pratiman aur kavita ke naye pratiman ka tulnatmak addhyan (Vishaish sandarbha
_b Kavya pratiman nirdharan)
260 _c2010
650 _aHINDI LITERATURE
_923866
700 _a Prof. Prem Singh Gu.
_9541090
700 _aUniversity of Delhi. Faculty of Arts. Department of Hindi
942 _cDIS
_2CC
999 _c903178
_d903178